000 00216 a2200097 4500
001 34514
100 _aQateel Shefaie
245 _aJhola
260 _aLahore
_bSang-e-Meel Publications
_c1991
090 _c22796
_d22796
942 _aNUST-CAE
_cM
_c14220
999 _c269587
_d269587